Contribución al conocimiento de la ecología de Callicebus cupreus ornatus Gray, 1870 (primates: Cebidae), en bosques fragmentados del Meta, Colombia (Registro nro. 1447)

Detalles MARC
000 -CABECERA
Campo de control 00748nam a2200217 a 4500
005 - FECHA Y HORA DE LA ULTIMA TRANSACCION
Campo de control 20191224041603.0
008 - ELEMENTOS DE LONGITUD FIJA—INFORMACION GENERAL
Campo de control 140227b1998 ck |||||rm||| 00| 0 spa d
040 ## - FUENTE DE CATALOGACIÓN
Agencia catalogadora original CO-BoIAVH
Agencia transcriptora CO-BoIAVH
041 ## - IDIOMA
Código de idioma para texto/pista de sonido o título separado Español
044 ## - PAÍS DE PUBLICACIÓN
País de publicación Colombia
090 ## - CLASIFICACIÓN LOCAL
Colección TE
Consecutivo 0089
100 ## - ASIENTO PRINCIPAL--NOMBRE PERSONAL
Nombre personal Sánchez Dueñas, Iván Manuel
9 (RLIN) 12334
245 ## - MENCION DE TITULO
Título Contribución al conocimiento de la ecología de Callicebus cupreus ornatus Gray, 1870 (primates: Cebidae), en bosques fragmentados del Meta, Colombia
260 ## - PUBLICACION, DISTRIBUCION, ETC. (PIE DE IMPRENTA)
Lugar de publicación, distribución, etc. Bogotá
Nombre del editor, distribuidor, etc. Universidad Nacional de Colombia. Faculdad de Ciencias
Fecha de publicación, distribución, etc. 1998
300 ## - DESCRIPCION FISICA
Extensión 104 p.
650 ## - ASIENTO SECUNDARIO DE MATERIA - TERMINO TEMATICO
Término temático o nombre geográfico como elemento de entrada Ecología de poblaciones
9 (RLIN) 3557
650 ## - ASIENTO SECUNDARIO DE MATERIA - TERMINO TEMATICO
Término temático o nombre geográfico como elemento de entrada Fragmentación de bosques
9 (RLIN) 349
650 ## - ASIENTO SECUNDARIO DE MATERIA - TERMINO TEMATICO
Término temático o nombre geográfico como elemento de entrada Primates
9 (RLIN) 75094
662 ## - ASIENTO SECUNDARIO DE MATERIA - JERARQUIA DEL NOMBRE DE LUGAR(
País o entidad mayor Colombia
Jurisdicción política de primer orden Meta
942 ## - ELEMENTOS ADICIONALES (KOHA)
Tipo de ítem Tesis
Sistema de clasificación Local
Existencias
Withdrawn status Lost status Sistema de Clasificación Damaged status No para préstamo Colección Inventariado Ubicación Permanente Ubicación actual Fecha de adquisición Fuente de Valor Total Checkouts Número topográfico Inventario / Código de Barras Date last seen Ejemplar Price effective from Forma de adquisición Tipo de material
    Local     Tesis Inventariado 2017 Bogotá Bogotá 01/09/1999 Chaves, María Elfi   TE-0089 001997 04/12/2012 Ej. 1 04/12/2012 Donación Tesis